000 00563nam a2200181Ia 4500
008 240729s9999 xx 000 0 und d
022 _a2213-1809
245 0 _aGastrointestinal Intervention
260 _aKorea, Republic of
260 _bSociety of Gastrointestinal Intervention
650 _a Diseases of the digestive system. Gastroenterology
650 _a Internal medicine
650 _a Specialties of internal medicine
650 _aMedicine
856 _uhttps://doaj.org/toc/56b981f247fe479888eb885f9f94ec7d
942 _2ddc
942 _cDOAJEJ
999 _c69398
_d69398
945 _a1
_bMadushi Gamage
_c1
_dMadushi Gamage